Fodder oats : A world overview

Guardado en:
Detalles Bibliográficos
Autor principal: Suttie, J. M.
Formato: Libro
Lenguaje:Undetermined
Publicado: Rome FAO 2004
Materias:
Etiquetas: Agregar Etiqueta
Sin Etiquetas, Sea el primero en etiquetar este registro!
Thư viện lưu trữ: Trung tâm Học liệu Trường Đại học Cần Thơ
LEADER 00499nam a2200193Ia 4500
001 CTU_91390
008 210402s9999 xx 000 0 und d
082 |a 338.17 
082 |b S965 
100 |a Suttie, J. M. 
245 0 |a Fodder oats : 
245 2 |b A world overview 
245 0 |c J. M. Suttie, S. G. Reynolds 
260 |a Rome 
260 |b FAO 
260 |c 2004 
650 |a Agriculture products,Fodder oats 
904 |i Năm 
980 |a Trung tâm Học liệu Trường Đại học Cần Thơ